|
|
|
|
| LEADER |
00000nkmaa2200000 a 4500 |
| 001 |
vtls010861047 |
| 003 |
SK-MaSNL |
| 005 |
20260302013805.0 |
| 007 |
kh bo |
| 008 |
230802n xx | |||0 k|slo |
| 035 |
|
|
|a urn:nbn:sk:snk-km00bx59
|
| 035 |
|
|
|a urn:nbn:sk:snk-km3lonw
|
| 035 |
|
|
|a 17BF7D6C-73A4-4CFA-B7BB-B46F78260EFF
|
| 040 |
|
|
|a SNKLA
|b slo
|c SNKLA
|e AACR2
|
| 041 |
0 |
|
|a slo
|
| 245 |
0 |
0 |
|a [Boor, Ján Juraj]
|h grafika
|
| 260 |
|
|
|a [S.l.
|b s.n.
|c s.a.]
|
| 300 |
|
|
|a 1 fotografia
|b čb
|c 17 x 12 cm
|
| 520 |
2 |
|
|a Zobrazenie: Podobizeň kultúrneho pracovníka, básnika, evanjelického kňaza Jána Juraja Boora (30.4.1826 Vrbové - 29.9.1879 Krajné).
|
| 600 |
1 |
7 |
|a Boor, Ján Juraj,
|d 1826-1879
|2 SNKLA
|9 151572
|
| 655 |
|
7 |
|a portrétne fotografie
|2 SNKLA
|9 305796
|
| 852 |
7 |
|
|a Slovenská národná knižnica
|b Literárny archív
|
| 958 |
|
|
|a ZO
|
| 958 |
|
|
|a BLA
|
| 999 |
|
|
|c 1014504
|d 1016434
|
| 952 |
|
|
|a SNKLA
|b SNKLA
|c SNKLA_DEP
|y NEVYP
|7 0
|p 17A1007522
|o snkSB 29/1
|0 0
|1 0
|4 0
|d 2015-08-17
|f 1
|l 0
|r 2026-02-24 13:04:33
|w 2026-02-24
|